|
|
|
|
| LEADER |
01353nam a22002897a 4500 |
| 001 |
29799 |
| 003 |
BD-DhAAL |
| 005 |
20160717111356.0 |
| 008 |
160717s2014 bg 000 p ben |
| 020 |
|
|
|a 9789849063360
|
| 040 |
|
|
|a BD-DhAAL
|c BD-DhAAL
|
| 041 |
|
|
|a ben
|
| 082 |
0 |
0 |
|a 891.44
|
| 100 |
1 |
|
|a আমান, ফকির
|9 19708
|
| 245 |
0 |
0 |
|a ভেদ চরিত /
|c ফকির আমান; সংগ্রহ, লিপ্যন্তর ও সম্পাদনা মো. আব্দুল মান্নান এবং মোস্তফা সেলিম।
|
| 260 |
|
|
|a ঢাকাঃ
|b উৎস প্রকাশন,
|c ২০১৪
|
| 300 |
|
|
|a ৬৩ পৃষ্ঠা ;
|c ২৫ সে মি
|
| 490 |
0 |
|
|a নাগরী গ্রন্থসম্ভার
|v ২৩
|
| 504 |
|
|
|6 তথ্যসূত্র অন্তর্ভূক্ত [ ভূমিকা ১৪]
|
| 526 |
|
|
|a AAL
|
| 541 |
|
|
|e 29799
|
| 650 |
|
0 |
|a Islamic poetry, Bengali
|9 19709
|
| 700 |
1 |
|
|a মান্নান, মো. আব্দুল
|9 19710
|
| 700 |
1 |
|
|a সেলিম, মোস্তফা
|9 19711
|
| 942 |
|
|
|2 ddc
|c BK
|
| 999 |
|
|
|c 37669
|d 37669
|
| 952 |
|
|
|0 0
|1 0
|2 ddc
|4 0
|6 891_440000000000000_AMA
|7 0
|9 59294
|a BRACUL
|b BRACUL
|c GEN
|d 2016-07-17
|e BRAC Center
|g 400.00
|l 2
|m 22
|o 891.44 AMA
|p 3010029799
|r 2018-05-13
|s 2017-12-21
|t 1
|w 2016-07-17
|y BK
|